ბათუმის შოთა რუსთაველის სახელმწიფო უნივერსიტეტის ბიბლიოთეკა

ნიკო ბერძენიშვილის ინსტიტუტი ; აჭარის სოციალურ-ეკონომიკური პრობლემები = Social-Economical Problems of Adjara = Социально-Экономические Проблемы Аджарии : (ბიბ.ჩანაწერი № 37968)

000 -ლიდერი
ფიქსირებული სიგრძის საკონტროლო ველი 01812nam a2200241Ia 4500
001 - საკონტროლო ნომერი
საკონტროლო ველი 3950
003 - საკონტროლო ნომრის იდენტიფიკატორი
საკონტროლო ველი GE_BSU
005 - ბოლო ოპერაციის თარიღი და დრო
საკონტროლო ველი 20190911171052.0
008 - ფიქსირებული სიგრძის მონაცემთა ელემენტები - ზოგადი ინფორმაცია
ფიქსირებული სიგრძის საკონტროლო ველი 181216s2007||||ge |||||||||||||| ||geo||
040 ## - კატალოგიზაციის წყარო
Transcribing agency GE_BSU
041 ## - ენის კოდი
Language code of text/sound track or separate title geo
080 ## - უნივერსალური ათობითი კლასიფიკაციის ინდექსი
Universal Decimal Classification number 338.48(479.223) ტ–92
245 ## - ცნობა სათაურის შესახებ
Title ნიკო ბერძენიშვილის ინსტიტუტი ; აჭარის სოციალურ-ეკონომიკური პრობლემები = Social-Economical Problems of Adjara = Социально-Экономические Проблемы Аджарии :
Remainder of title სტატიების კრებული : ტ. 9 /
Statement of responsibility, etc საქართველოს განათლებისა და მეცნიერების სამინისტრო; ნიკო ბერძენიშვილის ინსტიტუტი ; რედაქტორი: ჟანი მიქაშავიძე.
264 ## - წარმოების, გამოცემის, დისტრიბუციის და სხვა ცნობები
გამოცემის, წარმოების, დისტრიბუციის... ადგილი ბათუმი :
გამოცემის, წარმოების, დისტრიბუციის... სახელწოდება ბათუმის უნივერსიტეტი,
გამოცემის, წარმოების, დისტრიბუციის... თარიღი 2007.
300 ## - ფიზიკური აღწერა
Extent 179 გვ. ;
Other physical details 20 სმ.
500 ## - ზოგადი შენიშვნა
General note პარალელური თავფურცელი ქართ., ინგლ. და რუს. ენებზე.
520 ## - SUMMARY, ETC.
Summary, etc სტატიების ბოლოს რეზიუმე ინგლ. და რუს. ენებზე.
653 ## - INDEX TERM--UNCONTROLLED
Uncontrolled term სოციალურ-ეკონომიკური პრობლემები
653 ## - INDEX TERM--UNCONTROLLED
Uncontrolled term ადგილობრივი მეურნეობის განვითარება აჭარაში
653 ## - INDEX TERM--UNCONTROLLED
Uncontrolled term ტურიზმის განვითარება
700 ## - ADDED ENTRY--PERSONAL NAME
Personal name მიქაშავიძე, ჟანი
Relator term რედაქტორი
9 (RLIN) 2700
942 ## - ADDED ENTRY ELEMENTS (KOHA)
Koha item type წიგნი
Source of classification or shelving scheme
ეგზემპლარები
ჩამოწერის სტატუსი დაკარგული ეგზემპლარის სტატუსი კლასიფიკაციის წყარო ან თაროზე გაწყობის სქემა დაზიანების სტატუსი არ გაიცემა მუდმივი მდებარეობა (დაცვის ადგილი) ამჟამინდელი ადგილსამყოფელი თაროზე განთავსების ადგილი შეძენის თარიღი ღირებულება, შესყიდვის ნორმალური ფასი სრული შენახვის შიფრი შტრიხკოდი ბოლო ოპერაციის თარიღი ეგზემპლარის მიმდევრობითი ნომერი (კეტერი?) ფასის ძალაში შესვლის თარიღი ეგზემპლარის სახეობა საჯარო შენიშვნა
          ბათუმის შოთა რუსთაველის სახელმწიფო უნივერსიტეტის მთავარი ბიბლიოთეკა ბათუმის შოთა რუსთაველის სახელმწიფო უნივერსიტეტის მთავარი ბიბლიოთეკა წიგნსაცავი 2018-12-17 5.00 338.48(479.223) ტ–92 5623 2018-12-17 5623 2018-12-17 წიგნი 5 ლ.